| 000 | 00638nam a22001937a 4500 | ||
|---|---|---|---|
| 003 | OSt | ||
| 005 | 20150408114139.0 | ||
| 008 | 130910s 2010sy ||||g |||| 00| 0 ara d | ||
| 040 | _ama-un | ||
| 082 |
_221 _a213 _bو ع ف |
||
| 245 |
_aفن الخطابة الدينية : _bدليل منهجي للخطابة والخطيب / _cعلي ونوس |
||
| 250 | _aط 2 | ||
| 260 |
_aدمشق : _bدار النهضة للطباعة والنشر ، _c2010 |
||
| 300 |
_a320ص ؛ _c24 سم |
||
| 100 |
_aونوس ، علي _936926 |
||
| 650 | _aالوعظ والارشاد | ||
| 650 |
_aالخطابة الدينية _936927 |
||
| 942 |
_2ddc _cBOOK |
||
| 999 |
_c30694 _d265194 |
||